An algorithmic approach to nonlinear analysis and optimization

Saved in:
Bibliografiske detaljer
Hovedforfatter: Beltrami, Edward J (Author)
Format: Bog
Sprog:engelsk
Udgivet: Nueva York Academic Press 1970
Serier:Mathematics in Science and Engineerin, 63
Fag:
Tags: Tilføj Tag
Ingen Tags, Vær først til at tagge denne postø!

MARC

LEADER 00000nam a2200000 a 4500
001 UCP2679
003 CL-VaPUC
008 990520e19700000US |||||||||||||||||eng|d
082 0 4 |a 519.3  |b BEL  |2 21 
100 0 |a Beltrami, Edward J  |e author  |9 429611 
245 1 3 |a An algorithmic approach to nonlinear analysis and optimization 
300 |a 235 p 
942 |c BK 
945 |d 19990520 00:00:00  |a crobeson 
260 |a Nueva York  |b Academic Press  |c 1970 
650 0 |a Optimización matemática  |9 259780 
650 0 |a Análisis de sistemas   |9 260059 
650 7 |a PROGRAMACION MATENMATICA  |2 CL-VaPUC  |9 429612 
583 |a last modification  |c 19990520 00:00:00  |k Rodrigo Vera 
490 0 |a Mathematics in Science and Engineerin, 63 
999 |c 281182  |d 281180 
952 |0 0  |1 0  |4 0  |6 519_300000000000000_BEL_1970  |7 0  |8 A  |9 321859  |a BIBGIM  |b BIBGIM  |d 2019-11-20  |i 1345915  |o 519.3 BEL 1970  |p 1345915  |r 2025-01-15  |w 2019-11-20  |y BK  |k EST